| 000 | 01753nam a22004335a 4500 | ||
|---|---|---|---|
| 003 | EG-ScBUE | ||
| 005 | 20221030094903.0 | ||
| 006 | a||||fr|||| 00| 0 | ||
| 008 | 110426t2005 nyua f b 001 0 eng d | ||
| 020 | _a0071432051 | ||
| 020 | _a9780071432054 | ||
| 040 |
_aEG-ScBUE _beng _erda _cEG-ScBUE _dEG-ScBUE |
||
| 082 | 0 | 4 |
_a721 _bTIM _222 |
| 245 | 0 | 0 |
_aTime-saver standards for architectural design : _btechnical data for professional practice / _cDonald Watson, editor ; Michael J. Crosbie, editor. |
| 250 | _aEighth edition. | ||
| 264 | 1 |
_aNew York : _bMcGraw-Hill, _c[2005] |
|
| 264 | 4 | _cc2005 | |
| 300 |
_a1 volume (various pagings) : _billustrations ; _c28 cm + _e1CD |
||
| 336 |
_2rdacontent _atext _btxt |
||
| 336 |
_2rdacontent _asounds _bsnd |
||
| 337 |
_2rdamedia _aunmediated _bn |
||
| 337 |
_2rdamedia _aaudio _bs |
||
| 338 |
_2rdacarrier _avolume _bnc |
||
| 338 |
_2rdacarrier _acomputer disc _bcd |
||
| 504 | _aIncludes bibliographical references and index. | ||
| 590 | _amenna elemam | ||
| 650 | 7 |
_aBuilding _vHandbooks, manuals, etc. _2BUEsh _923302 |
|
| 650 | 7 |
_aStandards, Engineering _vHandbooks, manuals, etc. _923303 _2BUEsh |
|
| 650 | 7 |
_aArchitectural design _vHandbooks, manuals, etc. _923304 _2BUEsh |
|
| 651 | _2BUEsh | ||
| 653 |
_bENGARC _cAugust2015 |
||
| 655 | _vReading book | ||
| 700 | 1 |
_aWatson, Donald, _d1937- _eeditor. _923305 |
|
| 700 | 1 |
_aCrosbie, Michael J., _eeditor. _923306 |
|
| 856 | 4 | 2 |
_3Contributor biographical information _uhttp://www.loc.gov/catdir/bios/mh051/2004053873.html |
| 856 | 4 | 2 |
_3Table of contents only _uhttp://www.loc.gov/catdir/toc/mh041/2004053873.html |
| 856 | 4 | 2 |
_3Publisher description _uhttp://www.loc.gov/catdir/enhancements/fy0618/2004053873-d.html |
| 942 |
_cNB _k721 TIM _2ddc |
||
| 999 |
_c1878 _d1878 |
||